| 000 | 00664cab a2200217 4500 | ||
|---|---|---|---|
| 001 | WB3231-48 | ||
| 008 | 090401t1996 xxu||||| |||| 00| 0 eng d | ||
| 035 | _a(Sirsi) u69666 | ||
| 041 | _aeng | ||
| 245 | _aThatched roof premiums tumble | ||
| 260 | _c1996 | ||
| 350 | _a0 | ||
| 490 |
_aWestern Mail _v3 August 1996 1 (1) |
||
| 520 | _aOwners of thatched cottages will pay less for their fire insurance after research has shown that switching from solid fuel burning fires can cut the risk of fire. | ||
| 650 | _aFIRE RISK | ||
| 650 | _aINSURANCE PREMIUMS | ||
| 650 | _aTHATCHED ROOFS | ||
| 690 |
_aInsurance _96249 |
||
| 942 | _n0 | ||
| 948 | _c04/03/1997 | ||
| 999 |
_c43773 _d43773 |
||